Personnages BD Louca - Statistiques

Statistiques générales
  • Ce quiz a été pris 27 fois
  • Le résultat moyen est 15 sur 24
Statistiques - réponses
Par images Réponse % Correct
Louca
100%
Nathan
100%
Julie
89%
Antin
83%
Chloé
83%
Ripaton
83%
Adel
78%
Brane
78%
Noéra
72%
Hugo
67%
Iceman
67%
Joe
67%
Mathis
67%
Antonin
56%
Jordan
56%
Killian
50%
Pierre
50%
Sid
50%
Gervais
44%
Matt
39%
Remi
39%
Cornelius
33%
Mr Clement
28%
Connors
17%
Aucun quiz correspondant
Distribution des résultats
% des personnes avec chaque résultat
Percentile par nombre de réponses
Votre historique - résultats
Vous n’avez pas pris ce quiz